000 00489nam a2200169Ia 4500
003 GCL
008 140319s9999 xx 000 0 ara d
040 _aGCL /
_cGCL
082 0 4 _a738.1
_bو م
245 1 0 _aمتحف الخزف الاسلامى
260 _aالقاهرة :
_bصندوق التنمية الثقافية
650 0 4 _aالفن الزخرفى
650 0 4 _aالخزف
650 0 4 _aالخزف الاسلامى
650 0 4 _aالفنون الخزفية
942 _2ddc
_cBK
999 _c5782
_d5782